000
00284 a2200133 4500
001
194724
040
_c
Magnum
100
_a
Reis, Ricardo
240
1
0
_a
Poemas de Ricardo Reis
_l
por
245
1
0
_a
Poemas de Ricardo Reis
300
_a
52
697
_a
LITERATURA GERAL
942
_c
BK
999
_c
194724
_d
194724